Regulating trade in services in the EU and the WTO : trust, distrust and economic integration.
| Format: | Book |
|---|---|
| Published: |
Cambridge:
Cambridge University Press,
2012.
|
| Subjects: |
| LEADER | 00541cam a2200145 7i4500 | ||
|---|---|---|---|
| 001 | 0000030610 | ||
| 005 | 20140522090000.0 | ||
| 020 | 0 | 0 | |a 9781107008649 |
| 090 | 0 | 0 | |a B 343.24087 |b REG |
| 245 | 0 | 0 | |a Regulating trade in services in the EU and the WTO : |b trust, distrust and economic integration. |
| 260 | 0 | 0 | |a Cambridge: |b Cambridge University Press, |c 2012. |
| 300 | # | # | |a 489 p. |
| 650 | 0 | 0 | |a Trade regulation -- |z European Union countries |
| 650 | 0 | 0 | |a Trade regulation -- |x International cooperation |
| 999 | |a B000033866 |b Book |c Book |e Business Information Centre | ||


